| 000 | 00832nam a22001937a 4500 | ||
|---|---|---|---|
| 005 | 20240227120611.0 | ||
| 020 | _a9789555672235 | ||
| 082 |
_a346.044 _bMAU |
||
| 100 | _aMaunaguru, Sitralega | ||
| 245 |
_aPenkalin Nilam: _bA study on women’s land rights in the post-tsunami resettlement process in Batticaloa |
||
| 260 |
_aBatticaloa, _cSuriya women's development centre, _b2010 |
||
| 300 | _a viii, 63 p. : color ill., maps (some color); 30 cm | ||
| 500 | _a"A report of the research conducted in the Batticaloa District in 2006 and 2008 on the situation of land rights of women" | ||
| 650 | _aWomen and land use planning- Sri Lanka- Batticaloa District | ||
| 650 | _aRight of property- Sri Lanka- Batticaloa District | ||
| 650 | _aLand tenure- Sri Lanka- Batticaloa District | ||
| 700 | _aEmmanuel, Sarala | ||
| 942 | _cRP | ||
| 999 |
_c4822 _d4822 |
||